Guess the lyrics (#47) - Statistics

General Stats
  • This quiz has been taken 202 times
  • The average score is 63 of 151
Answer Stats
Answer % Correct
a
93%
you
87%
the
85%
And
81%
and
81%
to
80%
be
73%
is
72%
in
71%
when
70%
for
65%
of
56%
This
55%
this
55%
not
52%
it's
51%
It's
51%
have
47%
time
45%
will
45%
don't
42%
now
42%
But
41%
from
41%
day
39%
night
35%
Run
32%
run
32%
boy
31%
man,
30%
out
27%
You'll
27%
you'll
27%
away
26%
They're
22%
made
21%
world
19%
sun
16%
stop
14%
another
13%
Tomorrow
12%
trying
10%
catch
9%
Running
9%
hide
8%
behind
7%
fades
7%
race
7%
inside
6%
society
6%
Break
5%
trees
5%
Beauty
4%
disappear
4%
dying
4%
guiding
4%
hills
4%
journey
4%
prophecy
4%
ride
4%
secret
4%
victory
4%
lies
2%
Thue
1%
No matching quizzes found
Score Distribution
Percent of People with Each Score
Percentile by Number Answered
Your Score History
You have not taken this quiz